| 000 | 00976cam a2200289 4500 | ||
|---|---|---|---|
| 001 | B1160 | ||
| 008 | 090401t1985 xxu||||| |||| 00| 0 eng d | ||
| 035 | _a(Sirsi) u42890 | ||
| 041 | _aeng | ||
| 050 | _a711 | ||
| 090 | _aRICS 1985/66AC | ||
| 110 |
_aRoyal Institution of Chartered Surveyors _94900 |
||
| 245 | _aPlanning: the economic dimension. RICS/RTPI study day at RICS 11 December 1985 | ||
| 260 | _c1985 | ||
| 300 | _a3 papers | ||
| 350 | _a0 | ||
| 520 | _aPapers by: Bentham,R.J. , Linehan,G.F.J. and Shepley,C.J. . Topics: The relationship between local authority economic policy and planning; an investment surveyor`s view of planning and the property market; the south easternisation of Britain. | ||
| 650 | _aINVESTMENT | ||
| 650 | _aLOCAL AUTHORITIES | ||
| 650 | _aPLANNING | ||
| 650 | _aPROPERTY MARKET | ||
| 650 | _aPROPERTY | ||
| 650 | _aSOUTH EAST | ||
| 710 |
_aRoyal Town Planning Institute _91206 |
||
| 942 | _n0 | ||
| 948 | _c04/03/1997 | ||
| 999 |
_c91198 _d91198 |
||